000 00855nas a2200289 4500
001 BR2010000139
003 BR-BrBNA
005 20231205113814.0
007 ta
008 230509b bl.|||p| |||| 00| 00por d
040 _aBR-BrBNA
_bpor
_cBiblioteca Nacional de Agricultura
041 _a(Pt)
072 _aK10
100 1 _aOliveira, A.M. de
100 1 _aLinhares, P.C.F.
100 1 _aMaracajá, P.B.
100 1 _aRibeiro, M.C.
100 1 _aBenedito, C.P.
245 1 _aSalinidade na germinação e desenvolvimento de plântulas de aroeira (Myracroduon urundeuva Fr. All)
650 _aAROEIRA
650 _aPLÂNTULA
650 _aGERMINAÇÃO
650 _aSALINIDADE
773 0 _tCaatinga (Brazil)
_xISSN 0100-316X
_g(2007), v. 20(2) p. 39-42
_wBR2010000139
909 _a202311
_bLúcia
_c55
_dLúcia Elande
942 _2AGRIS
_n0
_cANA
999 _c205712
_d205712